[Event "Manitoba Tournament of Champions"]
[Site "Winnipeg CAN"]
[Date "2012.11.20"]
[Round "3"]
[White "Mundwiler, Les"]
[Black "Baron, Cody"]
[Result "1-0"]
[WhiteElo "2056"]
[BlackElo "1826"]
[PlyCount "77"]
[GameId "2160767909411533"]
[EventDate "2012.11.06"]
[EventType "swiss"]
[EventRounds "5"]
[EventCountry "CAN"]

1. d4 e6 2. Nf3 b6 3. g3 Bb7 4. Bg2 Nf6 5. O-O d5 6. b3 Nbd7 7. Bb2 Bd6 8. Nbd2 O-O 9. c4 Re8 10. Ne5 c5 11. e3 Qc7 12. cxd5 exd5 13. Nxd7 Nxd7 14. Rc1 Qd8 15. Nc4 dxc4 16. Bxb7 Rb8 17. Bc6 Rc8 18. Bxd7 Qxd7 19. dxc5 bxc5 20. Rxc4 Red8 21. Qc2 Bf8 22. Bc3 Qd5 23. Rc1 Rc6 24. Qe4 Ra6 25. Qxd5 Rxd5 26. Rc2 Rad6 27. e4 Rd1+ 28. Kg2 Rd7 29. h4 R7d3 30. Ra4 Rd7 31. Kf3 h5 32. Ke2 g6 33. Rd2 R1xd2+ 34. Bxd2 Bg7 35. Be3 Bf8 36. Rc4 Rc7 37. b4 Rb7 38. bxc5 Rb2+ 39. Kf3 1-0

[Event "Manitoba Tournament of Champions"]
[Site "Winnipeg CAN"]
[Date "2012.11.20"]
[Round "3"]
[White "Wasserman, Leor"]
[Black "Kaptsan, Aron"]
[Result "1-0"]
[WhiteElo "1970"]
[BlackElo "2038"]
[PlyCount "49"]
[GameId "2160767909411534"]
[EventDate "2012.11.06"]
[EventType "swiss"]
[EventRounds "5"]
[EventCountry "CAN"]

1. e4 e5 2. Nf3 Nc6 3. c3 Nf6 4. d4 exd4 5. e5 Qe7 6. cxd4 d6 7. Bb5 Bg4 8. O-O Nd5 9. Re1 O-O-O 10. Bxc6 bxc6 11. Qa4 Bxf3 12. gxf3 Kb7 13. Nc3 Qh4 14. Nxd5 cxd5 15. Qb5+ Kc8 16. Qxd5 dxe5 17. Qa8+ Kd7 18. Qd5+ Kc8 19. Qxf7 Qxd4 20. Bg5 Rd7 21. Qe8+ Kb7 22. Red1 Qxd1+ 23. Rxd1 Rxd1+ 24. Kg2 Bd6 25. Qxh8 1-0

[Event "Manitoba Tournament of Champions"]
[Site "Winnipeg CAN"]
[Date "2012.11.27"]
[Round "4"]
[White "Dawa, Arvin"]
[Black "Gentes, Kevin"]
[Result "0-1"]
[WhiteElo "2173"]
[BlackElo "2263"]
[PlyCount "100"]
[GameId "2160767909411535"]
[EventDate "2012.11.06"]
[EventType "swiss"]
[EventRounds "5"]
[EventCountry "CAN"]

1. d4 Nf6 2. Nf3 g6 3. c4 Bg7 4. Nc3 O-O 5. e4 d6 6. Be2 e5 7. O-O Nc6 8. d5 Ne7 9. Ne1 Nd7 10. Be3 f5 11. f3 f4 12. Bf2 g5 13. Rc1 Ng6 14. Kh1 h5 15. Nd3 Nf6 16. c5 Rf7 17. cxd6 cxd6 18. Nb5 a6 19. Na3 b5 20. Nb4 g4 21. Nc6 Qf8 22. Qd2 g3 23. Bg1 gxh2 24. Bf2 h4 25. Rfd1 Nh5 26. Qa5 Bf6 27. Nxb5 Ng3+ 28. Bxg3 fxg3 29. Nc7 h3 30. Bf1 Nf4 31. Ne6 hxg2+ 32. Bxg2 Nxe6 33. dxe6 Bxe6 34. Qd2 Rd7 35. Nb4 Rc8 36. Nd5 Rxc1 37. Rxc1 Bd8 38. b4 Bxd5 39. Qxd5+ Qf7 40. Rc6 Qxd5 41. exd5 Rc7 42. Rxc7 Bxc7 43. Bf1 a5 44. bxa5 Bxa5 45. Bd3 Kg7 46. Be4 Kf6 47. Kg2 Kg5 48. a3 Kf4 49. Bc2 Ke3 50. Bd1 h1=Q+ 0-1

[Event "Manitoba Tournament of Champions"]
[Site "Winnipeg CAN"]
[Date "2012.11.27"]
[Round "4"]
[White "Johnson, Frank B"]
[Black "Babb, Jeff"]
[Result "1-0"]
[WhiteElo "2155"]
[BlackElo "2144"]
[PlyCount "89"]
[GameId "2160767909411536"]
[EventDate "2012.11.06"]
[EventType "swiss"]
[EventRounds "5"]
[EventCountry "CAN"]
[SourceTitle "EXT 2019"]
[Source "ChessBase"]
[SourceDate "2018.10.10"]
[SourceVersion "1"]
[SourceVersionDate "2018.10.10"]
[SourceQuality "1"]

1. e4 e5 2. Nf3 Nc6 3. Bb5 a6 4. Ba4 Nf6 5. O-O Nxe4 6. d4 b5 7. Bb3 d5 8. dxe5 Be6 9. Nbd2 Be7 10. c3 O-O 11. Bc2 Nc5 12. Re1 d4 13. cxd4 Nxd4 14. Nxd4 Qxd4 15. Nf3 Qxd1 16. Rxd1 Bg4 17. Be3 Rad8 18. Rxd8 Rxd8 19. Nd4 Re8 20. Rc1 Ne6 21. Bf5 Bxf5 22. Nxf5 Bf8 23. Rc6 Rd8 24. g4 a5 25. f4 Rd1+ 26. Kf2 Ra1 27. Nd4 Rxa2 28. Nxe6 Rxb2+ 29. Kf3 fxe6 30. Rxc7 b4 31. f5 b3 32. fxe6 Rc2 33. e7 Bxe7 34. Rxe7 b2 35. Rb7 a4 36. e6 Kf8 37. Bg5 Rc3+ 38. Kg2 Rb3 39. Rd7 Rb8 40. Rd8+ Rxd8 41. e7+ Kf7 42. exd8=Q b1=Q 43. Qd5+ Kf8 44. Be3 Qc2+ 45. Kf3 1-0

[Event "Manitoba Tournament of Champions"]
[Site "Winnipeg CAN"]
[Date "2012.11.27"]
[Round "4"]
[White "Kaptsan, Aron"]
[Black "Baron, Cody"]
[Result "1-0"]
[WhiteElo "2038"]
[BlackElo "1826"]
[PlyCount "44"]
[GameId "2160767909411537"]
[EventDate "2012.11.06"]
[EventType "swiss"]
[EventRounds "5"]
[EventCountry "CAN"]

1. d4 Nf6 2. c4 c5 3. d5 b5 4. cxb5 a6 5. bxa6 g6 6. g3 Bxa6 7. Bg2 d6 8. b3 Bg7 9. Bb2 O-O 10. Nf3 Nbd7 11. Nfd2 Qb6 12. Na3 Rfb8 13. Nac4 Qc7 14. O-O Ra7 15. Qc2 Bb7 16. e4 Bh6 17. Rfe1 Ba6 18. e5 Ne8 19. exd6 exd6 20. Bh3 Bg7 21. Bxg7 Kxg7 22. Re7 Bc8 1-0

[Event "Manitoba Tournament of Champions"]
[Site "Winnipeg CAN"]
[Date "2012.11.27"]
[Round "4"]
[White "Lipnowski, Samuel"]
[Black "Moncal, Nilo"]
[Result "1-0"]
[WhiteElo "2222"]
[BlackElo "2181"]
[PlyCount "95"]
[GameId "2160767909411538"]
[EventDate "2012.11.06"]
[EventType "swiss"]
[EventRounds "5"]
[EventCountry "CAN"]

1. d4 d5 2. c4 Nf6 3. cxd5 Nxd5 4. e4 Nf6 5. Nc3 e6 6. Nf3 Be7 7. e5 Nd5 8. Ne4 Nd7 9. a3 b6 10. Bd3 Bb7 11. O-O O-O 12. Nfg5 h6 13. Qh5 Bxg5 14. Bxg5 Qe8 15. Bxh6 f5 16. Qg5 Qf7 17. Ng3 Kh8 18. Nxf5 exf5 19. Bxf5 Qe7 20. Qxe7 Nxe7 21. Bxg7+ Kxg7 22. Bxd7 Rad8 23. e6 Kf6 24. Rac1 Nd5 25. Bc6 Bxc6 26. Rxc6 Ke7 27. g3 Rf3 28. Re1 Rd3 29. Re4 Rd6 30. Rxd6 cxd6 31. f4 Nf6 32. Re2 Rxd4 33. f5 d5 34. h3 Ne4 35. g4 Rd3 36. Kh2 Rf3 37. Kg2 Rg3+ 38. Kh2 Rf3 39. Rc2 Rf2+ 40. Rxf2 Nxf2 41. Kg3 Nd1 42. b3 Nc3 43. Kf4 d4 44. h4 Kd6 45. h5 Ke7 46. h6 Nd5+ 47. Ke4 Kf6 48. Kxd4 1-0

[Event "Manitoba Tournament of Champions"]
[Site "Winnipeg CAN"]
[Date "2012.11.27"]
[Round "4"]
[White "Melamedoff, Gustavo"]
[Black "Wasserman, Leor"]
[Result "1-0"]
[WhiteElo "2069"]
[BlackElo "1970"]
[PlyCount "67"]
[GameId "2160767909411539"]
[EventDate "2012.11.06"]
[EventType "swiss"]
[EventRounds "5"]
[EventCountry "CAN"]

1. e4 c5 2. Nf3 d6 3. Nc3 Nf6 4. e5 dxe5 5. Nxe5 Nbd7 6. Nc4 Nb6 7. Nxb6 Qxb6 8. Bb5+ Bd7 9. Bxd7+ Nxd7 10. O-O e6 11. Re1 Be7 12. Qg4 Nf6 13. Qa4+ Nd7 14. d3 Qc7 15. Bf4 Qb6 16. Be5 f6 17. Bg3 e5 18. Bxe5 fxe5 19. Rxe5 O-O-O 20. Nd5 Nxe5 21. Nxb6+ axb6 22. Re1 Bd6 23. f4 Ng6 24. g3 Bc7 25. h4 Rd4 26. Qa8+ Bb8 27. h5 Nf8 28. Re8+ Rd8 29. Rxd8+ Kxd8 30. Qxb8+ Ke7 31. Qe5+ Kf7 32. f5 h6 33. g4 Nd7 34. Qe6+ 1-0

[Event "Manitoba Tournament of Champions"]
[Site "Winnipeg CAN"]
[Date "2012.11.27"]
[Round "4"]
[White "Mundwiler, Les"]
[Black "Cleto, Sam"]
[Result "0-1"]
[WhiteElo "2056"]
[BlackElo "1856"]
[PlyCount "120"]
[GameId "2160767909411540"]
[EventDate "2012.11.06"]
[EventType "swiss"]
[EventRounds "5"]
[EventCountry "CAN"]

1. d4 Nf6 2. c4 e6 3. a3 d5 4. Nc3 c6 5. Bg5 Be7 6. e3 O-O 7. Nf3 Nbd7 8. Bd3 b6 9. O-O h6 10. Bh4 Bb7 11. cxd5 exd5 12. Rc1 Ne8 13. Bxe7 Qxe7 14. g3 Nef6 15. Nh4 Ne4 16. Qg4 Nd6 17. e4 Nf6 18. Nf5 Nxf5 19. Qxf5 Bc8 20. Qe5 Qd7 21. exd5 Qh3 22. f3 Re8 23. Qf4 cxd5 24. Bb5 Bd7 25. Bxd7 Qxd7 26. Rfe1 Rxe1+ 27. Rxe1 Re8 28. Re5 Rc8 29. Qe3 a5 30. Re7 Qc6 31. Qe2 a4 32. Qa6 Ra8 33. Qb7 Qxb7 34. Rxb7 Ra6 35. Kf1 g5 36. g4 Kg7 37. Nb5 Ne8 38. Rb8 Nf6 39. Ke2 h5 40. h3 h4 41. Kd3 Nd7 42. Rb7 Nf8 43. Nd6 Ne6 44. Nxf7 Kf6 45. Ne5 Nf4+ 46. Ke3 Nxh3 47. Nd3 Kg6 48. f4 Nxf4 49. Nxf4+ gxf4+ 50. Kxf4 b5 51. g5 Re6 52. Kg4 Re4+ 53. Kh3 Rxd4 54. Rxb5 Kxg5 55. Rb8 Rd3+ 56. Kh2 Rb3 57. Rg8+ Kf4 58. Rf8+ Ke3 59. Ra8 d4 60. Rxa4 d3 0-1

[Event "Manitoba Tournament of Champions"]
[Site "Winnipeg CAN"]
[Date "2012.11.27"]
[Round "4"]
[White "Platt, Alex"]
[Black "Boron, Anthony"]
[Result "1-0"]
[WhiteElo "1820"]
[BlackElo "1989"]
[PlyCount "75"]
[GameId "2160767909411541"]
[EventDate "2012.11.06"]
[EventType "swiss"]
[EventRounds "5"]
[EventCountry "CAN"]

1. d4 d5 2. c4 e6 3. Nc3 c6 4. Nf3 f5 5. Bf4 Nf6 6. e3 Be7 7. Bd3 O-O 8. h3 Nbd7 9. Qe2 Ne4 10. O-O Ndf6 11. Ne5 Bd7 12. f3 Nxc3 13. bxc3 Be8 14. Rab1 b6 15. Bh2 Bd6 16. Rfc1 Bxe5 17. Bxe5 Nd7 18. Bd6 Rf6 19. cxd5 exd5 20. Bf4 Rf8 21. c4 g6 22. cxd5 cxd5 23. Ba6 g5 24. Bc7 Qe7 25. Bb7 Bf7 26. Bxa8 Rxa8 27. Bg3 Re8 28. Qd2 Bg6 29. Rb3 Qe6 30. Rbc3 g4 31. Bf4 gxh3 32. gxh3 Bh5 33. Qf2 Kf7 34. Rc6 Rg8+ 35. Kh2 Qe7 36. Rc7 Rd8 37. Rg1 Qe6 38. Qh4 1-0

[Event "Manitoba Tournament of Champions"]
[Site "Winnipeg CAN"]
[Date "2012.12.04"]
[Round "5"]
[White "Babb, Jeff"]
[Black "Platt, Alex"]
[Result "0-1"]
[WhiteElo "2213"]
[BlackElo "1820"]
[PlyCount "135"]
[GameId "2160767909411542"]
[EventDate "2012.11.06"]
[EventType "swiss"]
[EventRounds "5"]
[EventCountry "CAN"]

1. f4 d5 2. e3 Nf6 3. Nf3 g6 4. b4 Bg7 5. Bb2 O-O 6. Be2 Nbd7 7. a4 c5 8. bxc5 Nxc5 9. O-O Bg4 10. Ne5 Bxe2 11. Qxe2 Rc8 12. Bd4 Ne6 13. c3 Nxd4 14. exd4 Ne4 15. Na3 f6 16. Nf3 Qd7 17. Qb5 Qc6 18. Nc2 e6 19. Nb4 Qc7 20. Nxd5 Qd6 21. Ne3 Rf7 22. Qe2 Re7 23. g3 Qc6 24. Qd3 Rd7 25. Qb5 Qc7 26. Qb3 Qc6 27. Qb5 Qc7 28. Rab1 Kh8 29. Rbe1 Rd6 30. Qb1 f5 31. Qa2 Ra6 32. Rb1 Qc6 33. Qb3 Rb6 34. Qc2 Ra6 35. Rb4 Nd6 36. Qb3 Qd7 37. Ng5 Re8 38. Rb1 b6 39. Nc4 Nxc4 40. Qxc4 h6 41. Qxa6 hxg5 42. fxg5 e5 43. dxe5 Qxd2 44. Rh4+ Kg8 45. Qc4+ Kf8 46. Qb4+ Kg8 47. Qd4 Qxg5 48. Qd5+ Kf8 49. Re1 Rd8 50. Qf3 Qd2 51. e6 Qxe1+ 52. Kg2 Qxe6 53. Kf1 Re8 54. Rf4 Qe1+ 55. Kg2 Qe2+ 56. Qxe2 Rxe2+ 57. Kf3 Rxh2 58. Rc4 Rd2 59. Rc7 Rd3+ 60. Kf4 Rxc3 61. Rxa7 Kg8 62. Ra8+ Kh7 63. Ra7 Rc5 64. Rb7 Rc4+ 65. Kf3 Rxa4 66. Rxb6 Be5 67. Rb7+ Kh6 68. Rb3 0-1

[Event "Manitoba Tournament of Champions"]
[Site "Winnipeg CAN"]
[Date "2012.12.04"]
[Round "5"]
[White "Baron, Cody"]
[Black "Hemphill, Jim"]
[Result "1-0"]
[WhiteElo "1826"]
[BlackElo "1729"]
[PlyCount "77"]
[GameId "2160767909411543"]
[EventDate "2012.11.06"]
[EventType "swiss"]
[EventRounds "5"]
[EventCountry "CAN"]

1. d4 d5 2. Nf3 Nf6 3. Bf4 c6 4. Nbd2 Nbd7 5. e3 e6 6. Bd3 Be7 7. h3 c5 8. c3 a6 9. a4 b6 10. O-O Bb7 11. Re1 Ne4 12. Ne5 O-O 13. f3 Nxd2 14. Qxd2 Nxe5 15. Bxe5 f5 16. Rad1 Qd7 17. Bc2 Bc6 18. b3 Qb7 19. Qf2 Rac8 20. Qg3 g6 21. Bd6 Rcd8 22. Bf4 Bf6 23. h4 Qe7 24. Bg5 Kg7 25. Kf2 h6 26. Bxf6+ Rxf6 27. Rh1 Re8 28. Qe5 Rd8 29. h5 Qd6 30. hxg6 Qxe5 31. dxe5 Rxg6 32. g4 Rg5 33. gxf5 exf5 34. f4 d4 35. fxg5 dxe3+ 36. Kxe3 f4+ 37. Kf2 Bxh1 38. gxh6+ Kxh6 39. Rxd8 1-0

[Event "Manitoba Tournament of Champions"]
[Site "Winnipeg CAN"]
[Date "2012.12.04"]
[Round "5"]
[White "Boron, Anthony"]
[Black "Wasserman, Leor"]
[Result "1-0"]
[WhiteElo "1989"]
[BlackElo "1970"]
[PlyCount "101"]
[GameId "2160767909411544"]
[EventDate "2012.11.06"]
[EventType "swiss"]
[EventRounds "5"]
[EventCountry "CAN"]

1. e4 c5 2. d4 cxd4 3. c3 dxc3 4. Nxc3 e5 5. Bc4 Nc6 6. Nf3 Bb4 7. Bd2 Nf6 8. O-O O-O 9. Qe2 Nd4 10. Qd3 Nxf3+ 11. Qxf3 Qc7 12. Bb3 Bxc3 13. Bxc3 d6 14. Rac1 Qb6 15. Bc2 Be6 16. a3 Rac8 17. h3 Rfd8 18. Rfd1 Bb3 19. Ba5 Qxa5 20. Bxb3 Rc5 21. Bxf7+ Kxf7 22. b4 Rxc1 23. bxa5 Rxd1+ 24. Qxd1 Ke7 25. Qb3 Rd7 26. f3 Rc7 27. g4 g5 28. Qe3 h6 29. Qxa7 Nd7 30. a6 Rc1+ 31. Kf2 Rc2+ 32. Ke1 bxa6 33. Qxa6 Rh2 34. Qa8 Rxh3 35. Kf2 Nc5 36. Qa7+ Kf6 37. Qc7 Nd3+ 38. Ke3 Nc5 39. Qxd6+ Ne6 40. a4 h5 41. gxh5 g4 42. h6 Rxf3+ 43. Ke2 Rh3 44. a5 Rxh6 45. a6 Rh7 46. Qb6 Rh6 47. a7 Kg5 48. Qxe6 Rxe6 49. a8=Q Rf6 50. Qd8 g3 51. Qe7 1-0

[Event "Manitoba Tournament of Champions"]
[Site "Winnipeg CAN"]
[Date "2012.12.04"]
[Round "5"]
[White "Gentes, Kevin"]
[Black "Lipnowski, Samuel"]
[Result "1/2-1/2"]
[WhiteElo "2268"]
[BlackElo "2196"]
[PlyCount "91"]
[GameId "2160767909411546"]
[EventDate "2012.11.06"]
[EventType "swiss"]
[EventRounds "5"]
[EventCountry "CAN"]
[SourceTitle "EXT 2019"]
[Source "ChessBase"]
[SourceDate "2018.10.10"]
[SourceVersion "1"]
[SourceVersionDate "2018.10.10"]
[SourceQuality "1"]

1. d4 d5 2. c4 c6 3. Nf3 Nf6 4. Nc3 e6 5. e3 Nbd7 6. Qc2 Bd6 7. Bd3 dxc4 8. Bxc4 O-O 9. O-O e5 10. h3 Qe7 11. Rd1 exd4 12. Nxd4 Ne5 13. Bf1 Ng6 14. Nf5 Bxf5 15. Qxf5 Qe5 16. Qxe5 Bxe5 17. Bd2 Rad8 18. Be1 Bc7 19. g3 Rxd1 20. Rxd1 Rd8 21. Rxd8+ Bxd8 22. f4 Ba5 23. Kf2 Bxc3 24. bxc3 Ne4+ 25. Kf3 Nc5 26. e4 Nf8 27. Ke3 Nfd7 28. e5 Kf8 29. c4 Ke7 30. Bb4 Kd8 31. f5 b6 32. Bc3 Na4 33. Ba1 Ndc5 34. Be2 a6 35. Bf3 Kc7 36. Bd1 b5 37. Kd4 Kb6 38. g4 Kc7 39. h4 Kd7 40. h5 Ke7 41. Ke3 Nb6 42. Kd4 Ncd7 43. cxb5 axb5 44. Be2 c5+ 45. Ke4 b4 46. Bb5 1/2-1/2

[Event "Manitoba Tournament of Champions"]
[Site "Winnipeg CAN"]
[Date "2012.12.04"]
[Round "5"]
[White "Kaptsan, Aron"]
[Black "Mundwiler, Les"]
[Result "1-0"]
[WhiteElo "2038"]
[BlackElo "2056"]
[PlyCount "107"]
[GameId "2160767909411547"]
[EventDate "2012.11.06"]
[EventType "swiss"]
[EventRounds "5"]
[EventCountry "CAN"]

1. d4 d5 2. c4 e6 3. Nc3 c5 4. cxd5 exd5 5. Nf3 Nc6 6. e3 Nf6 7. Bd3 Bd6 8. O-O c4 9. Bc2 Bg4 10. h3 Be6 11. e4 Be7 12. e5 Nd7 13. b3 cxb3 14. Bxb3 Nb6 15. a4 Na5 16. Ba3 Bxa3 17. Rxa3 a6 18. Bc2 Rc8 19. Bd3 Qe7 20. Qa1 O-O 21. Rb1 Nbc4 22. Bxc4 Rxc4 23. Nd1 Rfc8 24. Ne3 Rb4 25. Rd3 Nc4 26. Kh2 h6 27. Rdb3 Rxb3 28. Rxb3 Nxe3 29. fxe3 Rc6 30. Qb2 b6 31. Rxb6 Rxb6 32. Qxb6 Qa3 33. Qxa6 Qxe3 34. a5 Qf4+ 35. Kg1 Bxh3 36. Qa8+ Kh7 37. Qxd5 Qg3 38. Qa2 Bg4 39. Qf2 Qf4 40. a6 Bxf3 41. gxf3 Qc1+ 42. Kg2 Qg5+ 43. Kf1 Qc1+ 44. Qe1 Qc4+ 45. Qe2 Qa4 46. d5 g6 47. e6 Qa1+ 48. Kg2 Qf6 49. e7 Qg5+ 50. Kf1 Qc1+ 51. Qe1 Qc4+ 52. Kg2 Qa2+ 53. Qf2 Qa4 54. Qe2 1-0

[Event "Manitoba Tournament of Champions"]
[Site "Winnipeg CAN"]
[Date "2012.12.04"]
[Round "5"]
[White "Melamedoff, Gustavo"]
[Black "Dawa, Arvin"]
[Result "0-1"]
[WhiteElo "2069"]
[BlackElo "2173"]
[PlyCount "76"]
[GameId "2160767909411548"]
[EventDate "2012.11.06"]
[EventType "swiss"]
[EventRounds "5"]
[EventCountry "CAN"]

1. Nf3 Nf6 2. c4 g6 3. g3 Bg7 4. Bg2 O-O 5. O-O d6 6. Nc3 e5 7. d3 Nbd7 8. Bg5 c6 9. Rb1 a5 10. a3 Qc7 11. Qd2 Re8 12. Ne1 Nc5 13. b4 axb4 14. axb4 Ne6 15. Bxf6 Bxf6 16. Nc2 Bg7 17. b5 Bd7 18. Ra1 Nc5 19. Rab1 f5 20. e3 Qa5 21. bxc6 bxc6 22. Rfd1 e4 23. d4 Na4 24. Nxa4 Qxd2 25. Rxd2 Rxa4 26. Rb7 Bc8 27. Rb4 Ra2 28. Bf1 Be6 29. Rb6 Rc8 30. f3 exf3 31. Kf2 d5 32. c5 f4 33. Rb3 Bf5 34. Ke1 Bxc2 35. Rc3 Ra1+ 36. Kf2 fxe3+ 37. Rxe3 Be4 38. Rb2 Bxd4 0-1

[Event "Manitoba Tournament of Champions"]
[Site "Winnipeg CAN"]
[Date "2012.12.11"]
[Round "6"]
[White "Babb, Jeff"]
[Black "Kaptsan, Aron"]
[Result "1/2-1/2"]
[WhiteElo "2144"]
[BlackElo "2019"]
[PlyCount "70"]
[GameId "2160767909411549"]
[EventDate "2012.11.06"]
[EventType "swiss"]
[EventRounds "5"]
[EventCountry "CAN"]
[SourceTitle "EXT 2019"]
[Source "ChessBase"]
[SourceDate "2018.10.10"]
[SourceVersion "1"]
[SourceVersionDate "2018.10.10"]
[SourceQuality "1"]

1. f4 d5 2. Nf3 Nf6 3. e3 g6 4. b4 Bg7 5. Bb2 O-O 6. Be2 Bg4 7. O-O c6 8. a4 Bxf3 9. Bxf3 Nbd7 10. a5 Qc7 11. Na3 e5 12. g3 e4 13. Be2 a6 14. g4 Ne8 15. Qc1 Qd6 16. Bxg7 Nxg7 17. Qb2 Qf6 18. Qxf6 Nxf6 19. c3 Nfe8 20. Nc2 f5 21. Nd4 Nd6 22. g5 Kf7 23. h4 Ne6 24. Nxe6 Kxe6 25. Kf2 h5 26. gxh6 Rh8 27. Rg1 Rxh6 28. Rg2 Rah8 29. Rag1 Kf6 30. Rg5 Nc8 31. h5 Ne7 32. hxg6 Rxg6 33. Bh5 Rgh6 34. Be2 Rg6 35. Bh5 Rgh6 1/2-1/2

[Event "Manitoba Tournament of Champions"]
[Site "Winnipeg CAN"]
[Date "2012.12.11"]
[Round "6"]
[White "Johnson, Frank B"]
[Black "Lipnowski, Samuel"]
[Result "1-0"]
[WhiteElo "2155"]
[BlackElo "2196"]
[PlyCount "139"]
[GameId "2160767909411552"]
[EventDate "2012.11.06"]
[EventType "swiss"]
[EventRounds "5"]
[EventCountry "CAN"]
[SourceTitle "EXT 2019"]
[Source "ChessBase"]
[SourceDate "2018.10.10"]
[SourceVersion "1"]
[SourceVersionDate "2018.10.10"]
[SourceQuality "1"]

1. e4 e5 2. Nf3 Nc6 3. Bb5 Nf6 4. O-O Nxe4 5. d4 Nd6 6. Bxc6 dxc6 7. dxe5 Nf5 8. Qxd8+ Kxd8 9. Nc3 Ne7 10. h3 Ng6 11. Rd1+ Ke8 12. Ne2 h6 13. b3 c5 14. c4 a5 15. Nc3 c6 16. Be3 b6 17. Rd2 Bf5 18. Rad1 Be7 19. g4 Be6 20. Kg2 h5 21. Kg3 hxg4 22. hxg4 Rd8 23. Rxd8+ Bxd8 24. Re1 Bc7 25. Bf4 Nxf4 26. Kxf4 f6 27. g5 fxe5+ 28. Ke4 Rf8 29. Nxe5 Rxf2 30. Nxc6 Bf4 31. Nd5 Bxg5 32. Nxb6 Rxa2 33. Ke5 Kf7 34. Kd6 Bf4+ 35. Kxc5 Rd2 36. Nd5 Bxd5 37. cxd5 g5 38. Nxa5 Rf2 39. Nc4 g4 40. d6 g3 41. d7 Bc7 42. Ne5+ Kg7 43. Nc6 g2 44. Rg1 Rc2+ 45. Kb5 Rd2 46. d8=Q Bxd8 47. Nxd8 Rxd8 48. Rxg2+ Kf6 49. Re2 Rb8+ 50. Kc4 Rc8+ 51. Kd4 Rd8+ 52. Kc3 Rc8+ 53. Kb2 Kf5 54. b4 Kf4 55. Kb3 Kf3 56. Re7 Rc1 57. b5 Rb1+ 58. Kc4 Kf4 59. Kc5 Rc1+ 60. Kd5 Rb1 61. Kc6 Rc1+ 62. Kb7 Kf5 63. b6 Kf6 64. Re2 Kf5 65. Kb8 Kf6 66. b7 Rc3 67. Ra2 Ke7 68. Ka8 Rb3 69. b8=Q Rxb8+ 70. Kxb8 1-0

[Event "Manitoba-ch"]
[Site "Winnipeg CAN"]
[Date "2012.04.17"]
[Round "1"]
[White "Babb, Jeff"]
[Black "Melamedoff, Gustavo"]
[Result "1/2-1/2"]
[WhiteElo "2144"]
[BlackElo "2040"]
[PlyCount "85"]
[GameId "2160767909509611"]
[EventDate "2012.04.24"]
[EventType "k.o."]
[EventRounds "3"]
[EventCountry "CAN"]
[SourceTitle "EXT 2019"]
[Source "ChessBase"]
[SourceDate "2018.10.10"]
[SourceVersion "1"]
[SourceVersionDate "2018.10.10"]
[SourceQuality "1"]

1. e4 c5 2. Nc3 d6 3. g3 g6 4. Bg2 Bg7 5. d3 Nc6 6. Be3 e6 7. Qd2 Nd4 8. Nge2 Nxe2 9. Qxe2 Ne7 10. O-O O-O 11. f4 Rb8 12. g4 f5 13. h3 b6 14. Rad1 Ba6 15. exf5 exf5 16. Rfe1 Re8 17. g5 Qd7 18. Nd5 Bb7 19. Nxe7+ Qxe7 20. Qd2 Bxg2 21. Kxg2 Qb7+ 22. Kg3 d5 23. c3 Re6 24. Bf2 Rbe8 25. Rxe6 Rxe6 26. Re1 Qe7 27. h4 Kf7 28. Qd1 Rxe1 29. Qxe1 Qxe1 30. Bxe1 Ke6 31. h5 b5 32. hxg6 hxg6 33. b3 c4 34. dxc4 dxc4 35. b4 Kd5 36. Kf3 Bf8 37. Bf2 a6 38. a3 Bd6 39. Be3 Bc7 40. Bd4 a5 41. Ke3 axb4 42. axb4 Bd6 43. Bb6 1/2-1/2

[Event "Manitoba-ch"]
[Site "Winnipeg CAN"]
[Date "2012.04.17"]
[Round "1"]
[White "Boron, Anthony"]
[Black "Lipnowski, Samuel"]
[Result "0-1"]
[WhiteElo "1959"]
[BlackElo "2202"]
[PlyCount "70"]
[GameId "2160767909509612"]
[EventDate "2012.04.24"]
[EventType "k.o."]
[EventRounds "3"]
[EventCountry "CAN"]
[SourceTitle "EXT 2019"]
[Source "ChessBase"]
[SourceDate "2018.10.10"]
[SourceVersion "1"]
[SourceVersionDate "2018.10.10"]
[SourceQuality "1"]

1. e4 e5 2. Nf3 Nc6 3. Bc4 Bc5 4. d3 d6 5. c3 Qe7 6. h3 Nf6 7. Bb3 h6 8. Nbd2 Be6 9. Ba4 O-O 10. Nf1 Nh7 11. Ng3 Bb6 12. Qe2 Qd8 13. Be3 Ne7 14. d4 exd4 15. Nxd4 Bd7 16. Bb3 Kh8 17. O-O Ng6 18. Rad1 Qf6 19. Ndf5 Bxf5 20. Nxf5 Bxe3 21. Qxe3 Nh4 22. Nxh4 Qxh4 23. Rd4 Qf6 24. Rd5 Rfe8 25. Qd3 Ng5 26. Rf5 Qg6 27. h4 Rxe4 28. Rxf7 Nxf7 29. Bxf7 Qf5 30. h5 Rf4 31. Qxf5 Rxf5 32. Bg6 Re5 33. Rc1 Re2 34. Rc2 Rae8 35. Kf1 Re1# 0-1

[Event "Manitoba-ch"]
[Site "Winnipeg CAN"]
[Date "2012.04.17"]
[Round "1"]
[White "Vincent, Trevor"]
[Black "Kaptsan, Aron"]
[Result "1-0"]
[WhiteElo "2173"]
[BlackElo "2019"]
[PlyCount "53"]
[GameId "2160767909509613"]
[EventDate "2012.04.24"]
[EventType "k.o."]
[EventRounds "3"]
[EventCountry "CAN"]
[SourceTitle "EXT 2019"]
[Source "ChessBase"]
[SourceDate "2018.10.10"]
[SourceVersion "1"]
[SourceVersionDate "2018.10.10"]
[SourceQuality "1"]

1. c4 Nf6 2. g3 g6 3. Bg2 Bg7 4. Nc3 O-O 5. e4 e5 6. Nge2 d6 7. O-O a5 8. d3 c6 9. h3 Na6 10. Be3 Nc5 11. Qd2 Qe7 12. f4 exf4 13. Rxf4 Nh5 14. Rf3 Ne6 15. Raf1 Nf6 16. d4 Nd7 17. R3f2 b6 18. e5 dxe5 19. d5 cxd5 20. cxd5 Rb8 21. dxe6 fxe6 22. Rxf8+ Nxf8 23. Ne4 Bb7 24. N2c3 Rd8 25. Qf2 Rd3 26. Bxb6 a4 27. Bc5 1-0

[Event "Manitoba-ch"]
[Site "Winnipeg CAN"]
[Date "2012.04.22"]
[Round "1"]
[White "Li, Kevin"]
[Black "Moncal, Nilo"]
[Result "1/2-1/2"]
[WhiteElo "2223"]
[BlackElo "2104"]
[PlyCount "102"]
[GameId "2160767909509614"]
[EventDate "2012.04.24"]
[EventType "k.o."]
[EventRounds "3"]
[EventCountry "CAN"]

1. e4 e6 2. d4 d5 3. Nc3 Nf6 4. Bg5 Be7 5. Bxf6 Bxf6 6. e5 Be7 7. Qg4 g6 8. f4 c5 9. dxc5 Bxc5 10. O-O-O Nc6 11. Nge2 Bd7 12. Kb1 Rc8 13. Nc1 a6 14. Nb3 Be7 15. Ne2 Na5 16. Nxa5 Qxa5 17. Nd4 Qb4 18. Qf3 Bc5 19. c3 Qb6 20. Be2 a5 21. Rd2 a4 22. Rc1 Qa5 23. Nc2 b5 24. a3 Qb6 25. Rcd1 Bc6 26. Nd4 Bd7 27. Qd3 Rb8 28. Ka2 O-O 29. Bg4 Bxd4 30. Qxd4 Rfc8 31. Be2 Qxd4 32. Rxd4 Kg7 33. g4 Rf8 34. g5 h6 35. Kb1 Rh8 36. h4 Rh7 37. Rb4 Rhh8 38. Kc1 Bc6 39. Kd2 Kf8 40. Ke3 Ke7 41. Rd2 Rhc8 42. Bd3 h5 43. Be2 Kd8 44. Kd4 Kd7 45. Ke3 Kc7 46. b3 axb3 47. Rb2 Rb6 48. R2xb3 Ra8 49. Kd4 Be8 50. Kc5 Rc6+ 51. Kd4 Rb6 1/2-1/2

[Event "Manitoba-ch"]
[Site "Winnipeg CAN"]
[Date "2012.04.29"]
[Round "1"]
[White "Moncal, Nilo"]
[Black "Li, Kevin"]
[Result "0-1"]
[WhiteElo "2104"]
[BlackElo "2223"]
[PlyCount "74"]
[GameId "2160767909509615"]
[EventDate "2012.04.24"]
[EventType "k.o."]
[EventRounds "3"]
[EventCountry "CAN"]

1. e4 c5 2. Nf3 Nc6 3. d4 cxd4 4. Nxd4 Nf6 5. Nc3 e5 6. Nb3 Bb4 7. Bd3 d5 8. exd5 Nxd5 9. Bd2 Nxc3 10. bxc3 Be7 11. O-O O-O 12. Qh5 f5 13. Rad1 Be6 14. Rfe1 Qe8 15. Qe2 Qf7 16. Bb5 e4 17. f3 Ne5 18. fxe4 f4 19. Nd4 Bg4 20. Nf3 Qh5 21. Rf1 Nxf3+ 22. gxf3 Bh3 23. Kh1 Bxf1 24. Rxf1 Rad8 25. Bd3 Bc5 26. e5 Rde8 27. e6 Re7 28. Qe4 Qh6 29. Re1 b6 30. Bc4 g6 31. Bd5 Rf5 32. c4 Qh4 33. Re2 Rg5 34. Rg2 Rxg2 35. Kxg2 Qf2+ 36. Kh3 Qxd2 37. Qe5 Qd4 0-1